Techsynod'17 Fourth National Conference & Workshop: (Record no. 191412)
[ view plain ]
| 000 -LEADER | |
|---|---|
| fixed length control field | 00622nam a22001817a 4500 |
| 005 - DATE AND TIME OF LATEST TRANSACTION | |
| control field | 20230920163424.0 |
| 010 ## - LCCN (DPL NO) | |
| LC control number | ENG-134684 |
| 020 ## - INTERNATIONAL STANDARD BOOK NUMBER | |
| International Standard Book Number | 9789385559129 |
| Terms of availability | 500.00 |
| 035 ## - SYSTEM CONTROL NUMBER | |
| System control number | EN-118216 |
| 037 ## - SOURCE OF ACQUISITION | |
| Source of stock number/acquisition | DBAD/PUB |
| 082 ## - DEWEY DECIMAL CLASSIFICATION NUMBER | |
| Classification number | 500.00 |
| 245 ## - TITLE STATEMENT | |
| Title | Techsynod'17 Fourth National Conference & Workshop: |
| Remainder of title | Advances in Bioenergy & Biomaterials and Advances in Mechanical Engineering & Mechatronics/ |
| Statement of responsibility, etc | Edited by S Alwan And Sivasunramonin B |
| 260 ## - PUBLICATION, DISTRIBUTION, ETC. (IMPRINT) | |
| Name of publisher, distributor, etc | Ashalatha Thampuran |
| 300 ## - PHYSICAL DESCRIPTION | |
| Extent | 378p. |
| Dimensions | 29cm(pbk) |
| 700 ## - ADDED ENTRY--PERSONAL NAME | |
| Personal name | Alwan,S |
| 9 (RLIN) | 57167 |
| 700 ## - ADDED ENTRY--PERSONAL NAME | |
| Personal name | B,Sivasubramonian |
| 9 (RLIN) | 57168 |
| 942 ## - ADDED ENTRY ELEMENTS (KOHA) | |
| Source of classification or shelving scheme | Dewey Decimal Classification |
| Item type | English Books |
| Classification part | 600 |
| Call number suffix | TEC |
| Withdrawn status | Lost status | Not for loan | Collection code | Home library | Current library | Date acquired | Source of acquisition | Cost, normal purchase price | Full call number | Barcode | Copy number | Cost, replacement price | Koha item type |
|---|---|---|---|---|---|---|---|---|---|---|---|---|---|
| Non-fiction | D.B.Act.Division | Mobile Library | 25/08/2022 | DBAD/PUB | 500.00 | 600 TEC | EN-118216 | 1 | 500.00 | English Books |
